[Event "DSJ Weihnachtsturnier U20 2020"]
[Site "https://play.chessbase.com/en/play?room=DSJWeihnachtU20"]
[Date "2020.12.29"]
[Round "6"]
[White "Brunner, Jan"]
[Black "Haufe, Laurin"]
[Result "1/2-1/2"]
[Termination "normal"]
[Board "4.3"]
[WhiteElo "2167"]
[BlackElo "2052"]
[WhiteTeam "TSV Schönaich"]
[BlackTeam "Schachgemeinschaft Leipzig"]
[PlyCount "173"]
[WhiteFideId "12981010"]
[BlackFideId "12976504"]
[EventRounds "7"]
[EventType "team-swiss"]
[EventDate "2020.12.29"]

1. Nf3 {[%emt 0:00:04]} Nf6 {[%emt 0:00:01]} 2. d4 {[%emt 0:00:02]} g6 { [%emt
0:00:07]} 3. c4 {[%emt 0:00:06]} Bg7 {[%emt 0:00:01]} 4. g3 {[%emt 0:00:00]}
O-O {[%emt 0:00:02]} 5. Bg2 {[%emt 0:00:00]} d6 {[%emt 0:00:01]} 6. O-O { [%emt
0:00:01]} Nc6 {[%emt 0:00:04]} 7. Nc3 {[%emt 0:00:06]} e5 {[%emt 0:00:06] } 8.
d5 {[%emt 0:00:08]} Ne7 {[%emt 0:00:02]} 9. e4 {[%emt 0:00:10]} Nh5 { [%emt
0:00:02]} 10. Ne1 {[%emt 0:00:03]} f5 {[%emt 0:00:02]} 11. exf5 {[%emt
0:00:02]} Qe8 {[%emt 0:00:32]} 12. fxg6 {[%emt 0:00:13]} Qxg6 {[%emt 0:00:02]}
13. Be4 {[%emt 0:00:33]} Bf5 {[%emt 0:00:09]} 14. Qd3 {[%emt 0:00:09]} Nf4 {
[%emt 0:00:25]} 15. Bxf4 {[%emt 0:00:06]} exf4 {[%emt 0:00:02]} 16. Bxf5 {
[%emt 0:00:14]} Nxf5 {[%emt 0:00:00]} 17. Ng2 {[%emt 0:00:14]} fxg3 {[%emt
0:00:10]} 18. fxg3 {[%emt 0:00:19]} Qg4 {[%emt 0:00:28]} 19. Rf4 {[%emt
0:00:24]} Qg6 {[%emt 0:00:26]} 20. Raf1 {[%emt 0:00:12]} Nd4 {[%emt 0:01:16]}
21. Qxg6 { [%emt 0:00:44]} hxg6 {[%emt 0:00:37]} 22. Rxf8+ {[%emt 0:00:08]}
Rxf8 {[%emt 0:00:01]} 23. Rxf8+ {[%emt 0:00:06]} Kxf8 {[%emt 0:00:01]} 24. Ne1
{[%emt 0:01:01]} a6 {[%emt 0:00:18]} 25. Kf2 {[%emt 0:00:12]} Bh6 {[%emt
0:00:06]} 26. Nf3 {[%emt 0:00:17]} Nc2 {[%emt 0:00:25]} 27. b3 {[%emt 0:00:22]}
Bg7 {[%emt 0:00:42]} 28. Ne4 {[%emt 0:00:12]} Nb4 {[%emt 0:00:01]} 29. a4
{[%emt 0:00:32]} Ke7 {[%emt 0:00:17]} 30. g4 {[%emt 0:00:22]} Nd3+ {[%emt
0:00:21]} 31. Ke3 { [%emt 0:00:07]} Nc1 {[%emt 0:00:06]} 32. Nfd2 {[%emt
0:00:07]} c6 {[%emt 0:00:09]} 33. h4 {[%emt 0:00:16]} cxd5 {[%emt 0:00:11]} 34.
cxd5 {[%emt 0:00:00]} Na2 {[%emt 0:00:10]} 35. Nc4 {[%emt 0:01:09]} Nb4 {[%emt
0:00:05]} 36. Ncxd6 { [%emt 0:00:06]} Nxd5+ {[%emt 0:00:01]} 37. Kf3 {[%emt
0:00:02]} b6 {[%emt 0:00:36]} 38. Nc4 {[%emt 0:00:10]} Bd4 {[%emt 0:00:17]} 39.
h5 {[%emt 0:00:14]} gxh5 {[%emt 0:00:12]} 40. gxh5 {[%emt 0:00:00]} Kf7 {[%emt
0:00:08]} 41. Ned6+ { [%emt 0:00:09]} Ke6 {[%emt 0:00:14]} 42. h6 {[%emt
0:00:45]} Nf6 {[%emt 0:00:56]} 43. Ne4 {[%emt 0:00:11]} Nh7 {[%emt 0:00:44]}
44. Kg4 {[%emt 0:00:05]} b5 {[%emt 0:00:17]} 45. axb5 {[%emt 0:00:07]} axb5
{[%emt 0:00:00]} 46. Na3 { [%emt 0:00:22]} Be3 {[%emt 0:00:06]} 47. Kh5 {[%emt
0:00:13]} b4 {[%emt 0:00:05]} 48. Nc2 {[%emt 0:00:02]} Bc1 {[%emt 0:00:10]} 49.
Nxb4 {[%emt 0:00:04]} Nf8 {[%emt 0:00:05]} 50. Ng5+ {[%emt 0:00:05]} Kd6 {[%emt
0:00:13]} 51. Nd3 { [%emt 0:00:04]} Bd2 {[%emt 0:00:04]} 52. h7 {[%emt
0:00:08]} Nxh7 {[%emt 0:00:02]} 53. Nxh7 {[%emt 0:00:02]} Kd5 {[%emt 0:00:01]}
54. Ng5 {[%emt 0:00:14]} Ba5 {[%emt 0:00:04]} 55. b4 {[%emt 0:00:02]} Bxb4
{[%emt 0:00:02]} 56. Nxb4+ { [%emt 0:00:00]} Kc4 {[%emt 0:00:01]} 57. Nc2
{[%emt 0:00:01]} Kb5 {[%emt 0:00:00]} 58. Ne1 {[%emt 0:00:00]} Kc6 {[%emt
0:00:00]} 59. Nef3 {[%emt 0:00:00]} Kb6 {[%emt 0:00:00]} 60. Kg4 {[%emt
0:00:01]} Kb7 {[%emt 0:00:00]} 61. Kf4 { [%emt 0:00:00]} Kc7 {[%emt 0:00:00]}
62. Ke5 {[%emt 0:00:00]} Kd7 {[%emt 0:00:00]} 63. Kd5 {[%emt 0:00:00]} Kc7
{[%emt 0:00:00]} 64. Ne5 {[%emt 0:00:00]} Kb6 {[%emt 0:00:01]} 65. Ne6 {[%emt
0:00:00]} Kb5 {[%emt 0:00:00]} 66. Nd3 { [%emt 0:00:01]} Kb6 {[%emt 0:00:01]}
67. Nd4 {[%emt 0:00:01]} Kb7 {[%emt 0:00:00]} 68. Kc5 {[%emt 0:00:01]} Kc7
{[%emt 0:00:00]} 69. Ne5 {[%emt 0:00:00]} Kd8 {[%emt 0:00:01]} 70. Kd6 {[%emt
0:00:01]} Ke8 {[%emt 0:00:01]} 71. Nf5 { [%emt 0:00:01]} Kf8 {[%emt 0:00:01]}
72. Ke6 {[%emt 0:00:01]} Ke8 {[%emt 0:00:01]} 73. Nc6 {[%emt 0:00:01]} Kf8
{[%emt 0:00:01]} 74. Nd6 {[%emt 0:00:02]} Kg7 {[%emt 0:00:01]} 75. Ne5 {[%emt
0:00:01]} Kf8 {[%emt 0:00:01]} 76. Kf6 { [%emt 0:00:02]} Kg8 {[%emt 0:00:01]}
77. Nd7 {[%emt 0:00:01]} Kh7 {[%emt 0:00:03]} 78. Nf5 {[%emt 0:00:00]} Kg8
{[%emt 0:00:02]} 79. Kg6 {[%emt 0:00:01]} Kh8 {[%emt 0:00:04]} 80. Kf7 {[%emt
0:00:06] SGLeipz1-003 bietet Remis} Kh7 { [%emt 0:00:02]} 81. Nf8+ {[%emt
0:00:03]} Kh8 {[%emt 0:00:02]} 82. Ne6 { [%emt 0:00:02]} Kh7 {[%emt 0:00:02]}
83. Kf6 {[%emt 0:00:01]} Kg8 {[%emt 0:00:02]} 84. Kg6 {[%emt 0:00:01]} Kh8
{[%emt 0:00:03]} 85. Nf8 {[%emt 0:00:02]} Kg8 {[%emt 0:00:02]} 86. Nd7 {[%emt
0:00:00]} Kh8 {[%emt 0:00:02]} 87. Ne7 { [%emt 0:00:03]} 1/2-1/2

[Event "DSJ Weihnachtsturnier U20 2020"]
[Site "https://play.chessbase.com/en/play?room=DSJWeihnachtU20"]
[Date "2020.12.29"]
[Round "6"]
[White "Knüpfer, Tim"]
[Black "Giebler, Kai"]
[Result "0-1"]
[Termination "time forfeit"]
[Board "4.4"]
[WhiteElo "1885"]
[BlackElo "1880"]
[WhiteTeam "Schachgemeinschaft Leipzig"]
[BlackTeam "TSV Schönaich"]
[PlyCount "74"]
[WhiteFideId "16217489"]
[BlackFideId "12998664"]
[EventRounds "7"]
[EventType "team-swiss"]
[EventDate "2020.12.29"]

1. e4 {[%emt 0:00:02]} e5 {[%emt 0:00:06]} 2. Nf3 {[%emt 0:00:02]} Nc6 { [%emt
0:00:04]} 3. Bc4 {[%emt 0:00:01]} Bc5 {[%emt 0:00:01]} 4. b4 {[%emt 0:00:01]}
Bb6 {[%emt 0:00:01]} 5. a4 {[%emt 0:00:02]} a6 {[%emt 0:00:01]} 6. O-O { [%emt
0:00:04]} d6 {[%emt 0:00:08]} 7. c3 {[%emt 0:00:02]} Nf6 {[%emt 0:00:02]} 8. d3
{[%emt 0:00:10]} h6 {[%emt 0:00:02]} 9. Be3 {[%emt 0:00:04]} Ba7 { [%emt
0:00:05]} 10. Nbd2 {[%emt 0:00:42]} O-O {[%emt 0:00:02]} 11. Bxa7 { [%emt
0:00:49]} Rxa7 {[%emt 0:00:16]} 12. Re1 {[%emt 0:00:11]} Ne7 {[%emt 0:00:26]}
13. Bb3 {[%emt 0:00:19]} Ng6 {[%emt 0:00:05]} 14. Nf1 {[%emt 0:01:08]} Nf4
{[%emt 0:00:29]} 15. d4 {[%emt 0:00:15]} Qe7 {[%emt 0:01:02]} 16. Ng3 {[%emt
0:00:15]} g6 {[%emt 0:00:54]} 17. Ne2 {[%emt 0:02:14]} N6h5 {[%emt 0:00:29]}
18. Nxf4 {[%emt 0:00:03]} Nxf4 {[%emt 0:00:01]} 19. g3 {[%emt 0:00:22]} Nh3+ {
[%emt 0:00:23]} 20. Kg2 {[%emt 0:00:05]} Bg4 {[%emt 0:00:03]} 21. Qd3 {[%emt
0:00:06]} Qf6 {[%emt 0:00:11]} 22. Rf1 {[%emt 0:00:36]} Raa8 {[%emt 0:00:36]}
23. Nh4 {[%emt 0:00:30]} Ng5 {[%emt 0:00:16]} 24. Kg1 {[%emt 0:01:43]} Nh3+ {
[%emt 0:00:47]} 25. Kg2 {[%emt 0:00:03]} Ng5 {[%emt 0:00:03]} 26. Kg1 {[%emt
0:00:36]} Nf3+ {[%emt 0:00:21]} 27. Nxf3 {[%emt 0:00:08]} Bxf3 {[%emt 0:00:00]}
28. Rfe1 {[%emt 0:00:04]} Rad8 {[%emt 0:00:31]} 29. Re3 {[%emt 0:00:02]} Bg4 {
[%emt 0:00:02]} 30. Rf1 {[%emt 0:00:02]} Bh3 {[%emt 0:00:10]} 31. Rfe1 { [%emt
0:00:01]} Kg7 {[%emt 0:00:06]} 32. Rf3 {[%emt 0:00:01]} Qg5 {[%emt 0:00:18]}
33. b5 {[%emt 0:00:03]} Ra8 {[%emt 0:00:27]} 34. dxe5 {[%emt 0:00:12]} dxe5
{[%emt 0:00:21]} 35. Qe3 {[%emt 0:00:01]} Qxe3 {[%emt 0:00:05]} 36. Rexe3
{[%emt 0:00:01]} axb5 {[%emt 0:00:02]} 37. axb5 {[%emt 0:00:02]} Ra1+ {[%emt
0:00:03] TimeW} 0-1

[Event "DSJ Weihnachtsturnier U20 2020"]
[Site "https://play.chessbase.com/en/play?room=DSJWeihnachtU20"]
[Date "2020.12.29"]
[Round "6"]
[White "Bethke, Richard"]
[Black "Gelman, Josef"]
[Result "1-0"]
[Termination "normal"]
[Board "5.1"]
[WhiteTitle "FM"]
[WhiteElo "2332"]
[BlackElo "2007"]
[WhiteTeam "SF Neuberg"]
[BlackTeam "SC Weisse Dame"]
[PlyCount "97"]
[WhiteFideId "12959243"]
[BlackFideId "12959642"]
[EventRounds "7"]
[EventType "team-swiss"]
[EventDate "2020.12.29"]

1. e4 {[%emt 0:00:01]} c6 {[%emt 0:00:06]} 2. d4 {[%emt 0:00:01]} d5 {[%emt
0:00:01]} 3. e5 {[%emt 0:00:01]} c5 {[%emt 0:00:01]} 4. dxc5 {[%emt 0:00:01]}
e6 {[%emt 0:00:03]} 5. a3 {[%emt 0:00:01]} Bxc5 {[%emt 0:00:03]} 6. b4 {[%emt
0:00:03]} Bb6 {[%emt 0:00:01]} 7. Nf3 {[%emt 0:00:02]} Ne7 {[%emt 0:00:03]} 8.
Bb2 {[%emt 0:00:02]} O-O {[%emt 0:00:03]} 9. Bd3 {[%emt 0:00:01]} Nf5 {[%emt
0:00:02]} 10. O-O {[%emt 0:00:05]} Nc6 {[%emt 0:00:10]} 11. c4 {[%emt 0:00:04]}
dxc4 {[%emt 0:00:10]} 12. Bxc4 {[%emt 0:00:00]} Qxd1 {[%emt 0:00:18]} 13. Rxd1
{[%emt 0:00:03]} Rd8 {[%emt 0:00:04]} 14. Nc3 {[%emt 0:00:08]} Bd7 {[%emt
0:00:47]} 15. Ne4 {[%emt 0:00:13]} Be8 {[%emt 0:00:42]} 16. Kf1 {[%emt
0:00:52]} Ncd4 {[%emt 0:00:20]} 17. Nxd4 {[%emt 0:00:05]} Bxd4 {[%emt 0:00:21]}
18. Bxd4 {[%emt 0:00:06]} Rxd4 {[%emt 0:00:17]} 19. Rxd4 {[%emt 0:00:29]} Nxd4
{[%emt 0:00:00]} 20. Nd6 {[%emt 0:00:02]} Nc6 {[%emt 0:01:33]} 21. f4 {[%emt
0:00:14]} Rb8 {[%emt 0:00:16]} 22. Rd1 {[%emt 0:00:12]} Kf8 {[%emt 0:00:06]}
23. b5 { [%emt 0:00:55]} Na5 {[%emt 0:00:53]} 24. Bd3 {[%emt 0:00:12]} Ke7
{[%emt 0:00:33]} 25. Rc1 {[%emt 0:00:19]} Bd7 {[%emt 0:00:21]} 26. Be4 {[%emt
0:01:02]} g6 {[%emt 0:00:18]} 27. Rc7 {[%emt 0:00:58]} Kd8 {[%emt 0:00:04]} 28.
Rc3 { [%emt 0:00:02]} Ke7 {[%emt 0:00:12]} 29. Kf2 {[%emt 0:00:07]} f5 {[%emt
0:00:26]} 30. Bf3 {[%emt 0:00:09]} Kd8 {[%emt 0:00:30]} 31. Kg3 {[%emt
0:00:36]} Ke7 {[%emt 0:00:10]} 32. a4 {[%emt 0:00:11]} h6 {[%emt 0:00:22]} 33.
Kf2 {[%emt 0:00:11]} g5 {[%emt 0:00:08]} 34. g3 {[%emt 0:00:11]} g4 {[%emt
0:00:22]} 35. Bg2 {[%emt 0:00:02]} h5 {[%emt 0:00:08]} 36. Ke2 {[%emt 0:00:06]}
Kd8 {[%emt 0:00:36]} 37. Kd2 {[%emt 0:00:09]} Ke7 {[%emt 0:00:08]} 38. Kc2
{[%emt 0:00:07]} Kd8 {[%emt 0:00:11]} 39. Kb2 {[%emt 0:00:02]} a6 {[%emt
0:00:17]} 40. Ka3 {[%emt 0:00:24]} axb5 {[%emt 0:00:05]} 41. axb5 {[%emt
0:00:00]} b6 {[%emt 0:00:02]} 42. Kb4 {[%emt 0:00:03]} Ke7 {[%emt 0:00:03]} 43.
Rc7 {[%emt 0:00:05]} Kd8 { [%emt 0:00:01]} 44. Ra7 {[%emt 0:00:01]} Ke7 {[%emt
0:00:03]} 45. Bc6 {[%emt 0:00:37]} Rd8 {[%emt 0:00:03]} 46. Bxd7 {[%emt
0:00:19]} Rxd7 {[%emt 0:00:02]} 47. Nc8+ {[%emt 0:00:01]} Kd8 {[%emt 0:00:03]}
48. Rxd7+ {[%emt 0:00:01]} Kxd7 {[%emt 0:00:04]} 49. Nxb6+ {[%emt 0:00:01]} 1-0

[Event "DSJ Weihnachtsturnier U20 2020"]
[Site "https://play.chessbase.com/en/play?room=DSJWeihnachtU20"]
[Date "2020.12.29"]
[Round "6"]
[White "Tham, Nam"]
[Black "Bethke, Robert"]
[Result "0-1"]
[Termination "normal"]
[Board "5.2"]
[WhiteElo "1951"]
[BlackElo "2100"]
[WhiteTeam "SC Weisse Dame"]
[BlackTeam "SF Neuberg"]
[PlyCount "78"]
[WhiteFideId "12997331"]
[BlackFideId "12959251"]
[EventRounds "7"]
[EventType "team-swiss"]
[EventDate "2020.12.29"]

1. e4 {[%emt 0:00:03]} e5 {[%emt 0:00:02]} 2. Nf3 {[%emt 0:00:02]} Nf6 { [%emt
0:00:01]} 3. Nxe5 {[%emt 0:00:05]} d6 {[%emt 0:00:01]} 4. Nf3 {[%emt 0:00:01]}
Nxe4 {[%emt 0:00:01]} 5. Nc3 {[%emt 0:00:01]} Nxc3 {[%emt 0:00:01]} 6. dxc3
{[%emt 0:00:01]} Be7 {[%emt 0:00:01]} 7. Be3 {[%emt 0:00:07]} Nc6 { [%emt
0:00:01]} 8. Qd2 {[%emt 0:00:01]} Be6 {[%emt 0:00:03]} 9. Bd3 {[%emt 0:00:02]}
O-O {[%emt 0:00:12]} 10. O-O {[%emt 0:00:14]} Ne5 {[%emt 0:00:03]} 11. Nd4
{[%emt 0:00:12]} Nxd3 {[%emt 0:00:11]} 12. Nxe6 {[%emt 0:00:14]} fxe6 { [%emt
0:00:03]} 13. cxd3 {[%emt 0:00:01]} e5 {[%emt 0:00:13]} 14. d4 {[%emt 0:00:02]}
e4 {[%emt 0:00:01]} 15. Qc2 {[%emt 0:00:03]} d5 {[%emt 0:00:02]} 16. c4 {[%emt
0:00:01]} c6 {[%emt 0:00:08]} 17. Rab1 {[%emt 0:00:05]} Bd6 {[%emt 0:00:11]}
18. b4 {[%emt 0:00:18]} Qh4 {[%emt 0:00:20]} 19. h3 {[%emt 0:00:51]} Rf6 {
[%emt 0:00:10]} 20. cxd5 {[%emt 0:01:12]} cxd5 {[%emt 0:00:00]} 21. Qe2 { [%emt
0:00:41]} Rg6 {[%emt 0:00:18]} 22. f4 {[%emt 0:00:07]} Qxh3 {[%emt 0:00:23]}
23. Rb3 {[%emt 0:00:41]} Rf8 {[%emt 0:00:36]} 24. Bd2 {[%emt 0:00:40]} Qg4
{[%emt 0:01:33]} 25. Qxg4 {[%emt 0:00:07]} Rxg4 {[%emt 0:00:00]} 26. g3 { [%emt
0:00:17]} h5 {[%emt 0:00:03]} 27. Kh2 {[%emt 0:00:02]} h4 {[%emt 0:00:08] } 28.
Kh3 {[%emt 0:00:28]} Rxg3+ {[%emt 0:00:02]} 29. Rxg3 {[%emt 0:00:02]} hxg3
{[%emt 0:00:00]} 30. Kxg3 {[%emt 0:00:00]} g5 {[%emt 0:00:01]} 31. Kg4 { [%emt
0:00:51]} gxf4 {[%emt 0:00:20]} 32. b5 {[%emt 0:00:19]} e3 {[%emt 0:00:13]} 33.
Bc3 {[%emt 0:00:26]} Rc8 {[%emt 0:00:40]} 34. Ba1 {[%emt 0:00:11]} Rc2 {[%emt
0:00:13]} 35. Kf3 {[%emt 0:00:11]} Bb4 {[%emt 0:00:25]} 36. Rg1+ { [%emt
0:00:17]} Kf7 {[%emt 0:00:10]} 37. a3 {[%emt 0:00:18]} Rf2+ {[%emt 0:00:05]}
38. Kg4 {[%emt 0:00:21]} e2 {[%emt 0:00:11]} 39. axb4 {[%emt 0:00:07]} Rf1
{[%emt 0:00:01]} 0-1

[Event "DSJ Weihnachtsturnier U20 2020"]
[Site "https://play.chessbase.com/en/play?room=DSJWeihnachtU20"]
[Date "2020.12.29"]
[Round "6"]
[White "Eull, Emil"]
[Black "Tham, Minh"]
[Result "1-0"]
[Termination "normal"]
[Board "5.3"]
[WhiteElo "1662"]
[BlackElo "1844"]
[WhiteTeam "SF Neuberg"]
[BlackTeam "SC Weisse Dame"]
[PlyCount "107"]
[WhiteFideId "16253809"]
[BlackFideId "12997323"]
[EventRounds "7"]
[EventType "team-swiss"]
[EventDate "2020.12.29"]

1. c4 {[%emt 0:00:06]} e6 {[%emt 0:00:02]} 2. Nc3 {[%emt 0:00:01]} Nf6 { [%emt
0:00:02]} 3. Nf3 {[%emt 0:00:02]} d5 {[%emt 0:00:02]} 4. cxd5 {[%emt 0:00:01]}
exd5 {[%emt 0:00:01]} 5. d4 {[%emt 0:00:01]} c6 {[%emt 0:00:07]} 6. Bf4 {[%emt
0:00:02]} Bf5 {[%emt 0:00:07]} 7. e3 {[%emt 0:00:07]} Be7 {[%emt 0:00:03]} 8.
Nh4 {[%emt 0:00:04]} Bg6 {[%emt 0:00:22]} 9. Nxg6 {[%emt 0:00:03]} hxg6 {[%emt
0:00:00]} 10. Bd3 {[%emt 0:00:04]} Nbd7 {[%emt 0:00:11]} 11. h3 { [%emt
0:00:07]} O-O {[%emt 0:00:07]} 12. O-O {[%emt 0:00:09]} Re8 {[%emt 0:00:01]}
13. Rc1 {[%emt 0:00:04]} Nb6 {[%emt 0:00:15]} 14. a3 {[%emt 0:00:14]} a5 {
[%emt 0:00:07]} 15. Rb1 {[%emt 0:00:50]} Nc4 {[%emt 0:00:57]} 16. Bxc4 { [%emt
0:00:26]} dxc4 {[%emt 0:00:00]} 17. Qe2 {[%emt 0:00:15]} b5 {[%emt 0:00:11]}
18. Rfd1 {[%emt 0:00:15]} Nd5 {[%emt 0:00:12]} 19. Nxd5 {[%emt 0:00:27]} cxd5
{[%emt 0:00:16]} 20. f3 {[%emt 0:00:31]} b4 {[%emt 0:01:18]} 21. axb4 { [%emt
0:00:13]} Bxb4 {[%emt 0:00:07]} 22. e4 {[%emt 0:00:08]} Qb6 {[%emt 0:00:16]}
23. Qc2 {[%emt 0:00:27]} dxe4 {[%emt 0:02:45]} 24. fxe4 {[%emt 0:00:07]} Rac8
{[%emt 0:00:10]} 25. Qe2 {[%emt 0:01:05]} Rcd8 {[%emt 0:00:32]} 26. Qe3 { [%emt
0:01:01]} Rxd4 {[%emt 0:00:47]} 27. Rxd4 {[%emt 0:00:21]} Bc5 {[%emt 0:00:04]}
28. Rbd1 {[%emt 0:00:11]} Kh7 {[%emt 0:00:54]} 29. Qf2 {[%emt 0:01:47]} Rxe4
{[%emt 0:00:45]} 30. Be3 {[%emt 0:00:25]} Bxd4 {[%emt 0:00:11]} 31. Rxd4 {
[%emt 0:00:11]} Rxd4 {[%emt 0:00:04]} 32. Bxd4 {[%emt 0:00:00]} Qe6 {[%emt
0:00:01]} 33. Bc3 {[%emt 0:00:11]} a4 {[%emt 0:00:02]} 34. Kh2 {[%emt 0:00:24]}
Qd6+ {[%emt 0:00:02]} 35. Qg3 {[%emt 0:00:01]} Qd1 {[%emt 0:00:02]} 36. Qh4+ {
[%emt 0:00:21]} Kg8 {[%emt 0:00:02]} 37. Qd4 {[%emt 0:00:02]} Qxd4 {[%emt
0:00:04]} 38. Bxd4 {[%emt 0:00:00]} f6 {[%emt 0:00:01]} 39. Kg3 {[%emt
0:00:02]} Kf7 {[%emt 0:00:01]} 40. Kf4 {[%emt 0:00:01]} Ke6 {[%emt 0:00:01]}
41. Ke4 { [%emt 0:00:01]} f5+ {[%emt 0:00:01]} 42. Ke3 {[%emt 0:00:02]} g5
{[%emt 0:00:03]} 43. Bxg7 {[%emt 0:00:01]} Kd5 {[%emt 0:00:01]} 44. g3 {[%emt
0:00:08]} Kc5 {[%emt 0:00:04]} 45. Kd2 {[%emt 0:00:02]} Kb4 {[%emt 0:00:02]}
46. Kc2 { [%emt 0:00:04]} a3 {[%emt 0:00:04]} 47. Bf8+ {[%emt 0:00:01]} Kb5
{[%emt 0:00:03]} 48. Bxa3 {[%emt 0:00:00]} f4 {[%emt 0:00:01]} 49. gxf4 {[%emt
0:00:04]} gxf4 {[%emt 0:00:01]} 50. Bd6 {[%emt 0:00:00]} f3 {[%emt 0:00:01]}
51. Bg3 { [%emt 0:00:00]} Kc5 {[%emt 0:00:03]} 52. Bf2+ {[%emt 0:00:01]} Kb4
{[%emt 0:00:01]} 53. h4 {[%emt 0:00:01]} c3 {[%emt 0:00:07]} 54. bxc3+ {[%emt
0:00:02]} 1-0

[Event "DSJ Weihnachtsturnier U20 2020"]
[Site "https://play.chessbase.com/en/play?room=DSJWeihnachtU20"]
[Date "2020.12.29"]
[Round "6"]
[White "Lutz, Sebastian"]
[Black "Feng, Felix"]
[Result "1-0"]
[Termination "normal"]
[Board "5.4"]
[WhiteElo "1541"]
[BlackElo "1423"]
[WhiteTeam "SC Weisse Dame"]
[BlackTeam "SF Neuberg"]
[PlyCount "108"]
[WhiteFideId "16278674"]
[BlackFideId "16275179"]
[EventRounds "7"]
[EventType "team-swiss"]
[EventDate "2020.12.29"]

1. e4 {[%emt 0:00:07]} c5 {[%emt 0:00:01]} 2. Nf3 {[%emt 0:00:06]} d6 {[%emt
0:00:01]} 3. d4 {[%emt 0:00:01]} cxd4 {[%emt 0:00:01]} 4. Nxd4 {[%emt 0:00:00]}
e5 {[%emt 0:00:01]} 5. Nb5 {[%emt 0:00:10]} a6 {[%emt 0:00:06]} 6. N5a3 { [%emt
0:00:04]} Nf6 {[%emt 0:00:02]} 7. Nc3 {[%emt 0:00:03]} b5 {[%emt 0:00:03] } 8.
Nd5 {[%emt 0:00:04]} Be6 {[%emt 0:00:07]} 9. Bg5 {[%emt 0:00:17]} Be7 { [%emt
0:00:03]} 10. Bxf6 {[%emt 0:00:02]} Bxf6 {[%emt 0:00:04]} 11. c4 { [%emt
0:00:02]} Nc6 {[%emt 0:00:11]} 12. Nc2 {[%emt 0:00:20]} bxc4 {[%emt 0:00:09]}
13. Bxc4 {[%emt 0:00:12]} O-O {[%emt 0:00:04]} 14. O-O {[%emt 0:00:08]} Rb8
{[%emt 0:00:04]} 15. Rb1 {[%emt 0:00:31]} a5 {[%emt 0:00:02]} 16. Nce3 { [%emt
0:00:08]} Nd4 {[%emt 0:00:33]} 17. Kh1 {[%emt 0:00:45]} Bg5 {[%emt 0:00:05]}
18. Nc2 {[%emt 0:00:28]} Nxc2 {[%emt 0:00:15]} 19. Qxc2 {[%emt 0:00:10]} Rc8
{[%emt 0:00:01]} 20. Qd3 {[%emt 0:00:11]} Bxd5 {[%emt 0:00:07]} 21. Bxd5 {
[%emt 0:00:04]} Qb6 {[%emt 0:00:04]} 22. g3 {[%emt 0:01:06]} Be7 {[%emt
0:00:11]} 23. b3 {[%emt 0:01:08]} Rc7 {[%emt 0:00:04]} 24. Qf3 {[%emt 0:00:21]}
Bf6 {[%emt 0:00:03]} 25. Qh5 {[%emt 0:00:17]} Rfc8 {[%emt 0:00:07]} 26. Bc4 {
[%emt 0:00:29]} Qa7 {[%emt 0:00:20]} 27. a4 {[%emt 0:00:17]} g6 {[%emt 0:00:17]
} 28. Qf3 {[%emt 0:00:04]} Bg7 {[%emt 0:00:02]} 29. Qd3 {[%emt 0:00:04]} Qb6 {
[%emt 0:00:03]} 30. f4 {[%emt 0:00:12]} Kh8 {[%emt 0:00:10]} 31. fxe5 {[%emt
0:00:04]} Bxe5 {[%emt 0:00:07]} 32. Rxf7 {[%emt 0:00:10]} Rxf7 {[%emt 0:00:01]}
33. Bxf7 {[%emt 0:00:01]} Qf2 {[%emt 0:00:05]} 34. Rf1 {[%emt 0:00:09]} Qb2 {
[%emt 0:00:03]} 35. Bc4 {[%emt 0:00:06]} Rc7 {[%emt 0:00:21]} 36. Qd5 {[%emt
0:00:04]} Rc8 {[%emt 0:00:18]} 37. Qe6 {[%emt 0:00:04]} Rd8 {[%emt 0:00:09]}
38. Qe7 {[%emt 0:00:03]} Bf6 {[%emt 0:00:05]} 39. Qxf6+ {[%emt 0:00:04]} Qxf6 {
[%emt 0:00:03]} 40. Rxf6 {[%emt 0:00:00]} Kg7 {[%emt 0:00:01]} 41. Rf1 { [%emt
0:00:03]} Re8 {[%emt 0:00:01]} 42. Bd5 {[%emt 0:00:02]} Rb8 {[%emt 0:00:02]}
43. Rc1 {[%emt 0:00:02]} Re8 {[%emt 0:00:05]} 44. Kg2 {[%emt 0:00:02]} Kh6
{[%emt 0:00:01]} 45. Rc6 {[%emt 0:00:02]} Rd8 {[%emt 0:00:03]} 46. Ra6 { [%emt
0:00:02]} Rc8 {[%emt 0:00:03]} 47. Bc4 {[%emt 0:00:04]} Re8 {[%emt 0:00:02]}
48. Bd5 {[%emt 0:00:15]} Rc8 {[%emt 0:00:02]} 49. Rc6 {[%emt 0:00:01]} Rb8
{[%emt 0:00:03]} 50. Rxd6 {[%emt 0:00:03]} Rb4 {[%emt 0:00:03]} 51. Ra6 { [%emt
0:00:03]} Rd4 {[%emt 0:00:02]} 52. Rxa5 {[%emt 0:00:02]} Rd2+ {[%emt 0:00:01]}
53. Kh3 {[%emt 0:00:08]} g5 {[%emt 0:00:04]} 54. Ra6+ {[%emt 0:00:10]} Kh5
{[%emt 0:00:01]} 1-0

[Event "DSJ Weihnachtsturnier U20 2020"]
[Site "https://play.chessbase.com/en/play?room=DSJWeihnachtU20"]
[Date "2020.12.29"]
[Round "6"]
[White "Keyser, Robin"]
[Black "Engel, Luis"]
[Result "1/2-1/2"]
[Termination "normal"]
[Board "6.1"]
[BlackTitle "GM"]
[WhiteElo "2070"]
[BlackElo "2553"]
[WhiteTeam "SK Johanneum Eppendorf"]
[BlackTeam "Hamburger SK von 1830"]
[PlyCount "65"]
[WhiteFideId "12986429"]
[BlackFideId "12961523"]
[EventRounds "7"]
[EventType "team-swiss"]
[EventDate "2020.12.29"]

1. d4 {[%emt 0:00:02]} Nf6 {[%emt 0:00:17]} 2. c4 {[%emt 0:00:02]} e6 {[%emt
0:00:02]} 3. g3 {[%emt 0:00:01]} d5 {[%emt 0:00:03]} 4. Nf3 {[%emt 0:00:01]}
dxc4 {[%emt 0:00:02]} 5. Bg2 {[%emt 0:00:01]} a6 {[%emt 0:00:02]} 6. O-O {[%emt
0:00:02]} Nc6 {[%emt 0:00:01]} 7. e3 {[%emt 0:00:06]} Rb8 {[%emt 0:00:06]} 8.
Qe2 {[%emt 0:00:03]} b5 {[%emt 0:00:02]} 9. b3 {[%emt 0:00:05]} cxb3 {[%emt
0:00:01]} 10. axb3 {[%emt 0:00:00]} Bb7 {[%emt 0:00:04]} 11. Bd2 {[%emt
0:00:02]} Be7 {[%emt 0:00:07]} 12. Rc1 {[%emt 0:00:01]} Nb4 {[%emt 0:00:13]}
13. Bxb4 { [%emt 0:00:47]} Bxb4 {[%emt 0:00:03]} 14. Ne5 {[%emt 0:00:03]} Bxg2
{[%emt 0:00:03]} 15. Kxg2 {[%emt 0:00:00]} Rb6 {[%emt 0:00:05]} 16. f3 {[%emt
0:00:11]} Bd6 {[%emt 0:00:13]} 17. Rxa6 {[%emt 0:00:37]} Rxa6 {[%emt 0:00:50]}
18. Qxb5+ {[%emt 0:00:03]} Nd7 {[%emt 0:00:03]} 19. Qxa6 {[%emt 0:00:15]} Bxe5
{[%emt 0:00:11]} 20. dxe5 {[%emt 0:00:03]} O-O {[%emt 0:00:01]} 21. Qa5 {[%emt
0:00:14]} Nb6 {[%emt 0:00:44]} 22. Qd2 {[%emt 0:00:13]} Qe7 {[%emt 0:00:12]}
23. e4 { [%emt 0:01:04]} Rd8 {[%emt 0:00:06]} 24. Qc3 {[%emt 0:00:02]} Rd7
{[%emt 0:00:20]} 25. Rc2 {[%emt 0:00:34]} h5 {[%emt 0:00:21]} 26. Rd2 {[%emt
0:00:02]} g6 { [%emt 0:00:18]} 27. Rxd7 {[%emt 0:00:30]} Qxd7 {[%emt 0:00:00]}
28. Qd2 { [%emt 0:00:01]} Qb5 {[%emt 0:00:17]} 29. Qd8+ {[%emt 0:00:07]} Kg7
{[%emt 0:00:04]} 30. Qf6+ {[%emt 0:00:02]} Kg8 {[%emt 0:00:01]} 31. Qd8+ {[%emt
0:00:02]} Kg7 {[%emt 0:00:01]} 32. Qf6+ {[%emt 0:00:01]} Kg8 {[%emt 0:00:04]}
33. Qd8+ { [%emt 0:00:01]} 1/2-1/2